000 00731nam a2200217Ia 4500
005 20241216010300.0
008 180423s9999||||xx |||||||||||||| ||und||
082 _a352.7
_bR21
100 _aRAMOS SALAZAR, JESUS
245 0 _aSUPERVISION EN LA EJECUCION DE OBRAS PUBLICAS
_bPROCEDIMIENTOS PARA LA ADMINISTRACION DE CONTRATOS
250 _a1
260 _aLIMA-PERU
_bMIANO
_c2005
300 _a318 pag.
_c29 cm
341 _h100
490 _v0
_a0
505 _aMARCO CONCEPTUAL/PROCESO DE SELECCION EVALUACION Y CONTRATACION/SUPERVISION DE OBRAS/FUNCIONES DE CONTROL/EJECUCION DE OBRAS/GESTION MEDIOAMBIENTAL/
541 _aC
_d08-Jun-07
_odólar
650 _aCIENCIAS SOCIALES
856 _zHumanidades
942 _cLIBRO
999 _c10343
_d10343